000 00620nam a2200229Ia 4500
003 OSt
005 20221007082026.0
006 a|||||r|||| 00| 0
007 ta
008 221006b |||||||| |||| 00| 0 eng d
024 _a18,092
037 _cTextual
040 _aFLL
_cFLL
_beng
041 _2eng
_aeng
082 _aY5927.4418.N72, L7
100 _aLakshmanna C.
_994442
245 0 _aDepressed group students
260 _aTrivandrum
_bCollege Book House India
_c1977
300 _a138p
_ccm.
942 _hY5927.4418.N72, L7
_cTEXL
_2CC
999 _c1165079
_d1165079